000 00764nam a2200241 a 4500
008
020 _a0113224273 (pbk.)
049 _aMAIN
090 _aRM171
_bHAN
245 1 0 _aHandbook of transfusion medicine :
_bblood transfusion services of the United Kingdom /
_cedited by D.B.L. McClelland.
246 _aBlood transfusion services of the United Kingdom.
260 _aLondon :
_bThe station office,
_c2001.
300 _a3rd ed.
300 _axii, 142 p.
_bill. ;
_c20 cm.
500 _aIncludes index.
650 _aBlood Transfusion.
700 _aMcClelland, D.B.L.
907 _a.b10251492
_b13-06-11
_c20-09-07
003
005 20230120204054.0
040 _cNUST
942 _cBOOKS
_kRM171
_mHAN
999 _c116612
_d116612